| 000 | 00000nam##2200000za#4500 |
| 001 | 9.625754 |
| 003 | CaOODSP |
| 005 | 20200421163417 |
| 007 | ta |
| 008 | 150406|2000||||xxc||||| f|0| 0 fre|d |
| 020 | |a0-662-86150-7 |
| 040 | |aCaOODSP|bfre |
| 043 | |an-cn--- |
| 086 | 1 |aNH18-22/100-127F |
| 110 | 2 |aSociété canadienne d'hypothèques et de logement. |
| 245 | 10|aConstruction des dalles sur terre-plein |
| 260 | |aOttawa - Ontario : |bSociété canadienne d'hypothèques et de logement |c2000. |
| 300 | |a6p. : |bfigures ; |c28 cm. |
| 490 | 1 |aLe point en recherche. Série technique |v00-127 |
| 563 | |aDépliant |
| 590 | |a01-31|b2001-08-03 |
| 691 | 07|aMatériau de construction|2gcpds |
| 691 | 07|aIndustrie de la construction|2gcpds |
| 775 | 08|tSlab-on-grade construction |w(CaOODSP)9.615635 |
| 776 | 0#|tConstruction des dalles sur terre-plein |w(CaOODSP)9.602659 |
| 830 | #0|aLe point en recherche. Série technique ;|v00-127|w(CaOODSP)9.513179 |
| 986 | |aLNH 2267 |